| 000 | 00651nam a2200229Ia 4500 | ||
|---|---|---|---|
| 003 | OSt | ||
| 005 | 20230518110018.0 | ||
| 008 | 210423s2014 xx 000 0 und d | ||
| 020 | _a978-0-07-044532-1 | ||
| 040 | _cAL | ||
| 041 | _aeng | ||
| 082 |
_a658.872 _223 _bWHIE |
||
| 100 |
_aWHITELEY (David) _9107889 |
||
| 245 | _aE-Commerce: strategy technologies and applications | ||
| 260 |
_aNew Delhi _bMcGrawhill Education _c2014 |
||
| 300 |
_axvi,259p _bPB |
||
| 365 |
_b575 _cINR |
||
| 650 |
_aManagement _9107890 |
||
| 650 |
_aMarketing Management _9107891 |
||
| 906 | _aapplications ; E-Commerce ; strategy ; technologies | ||
| 942 |
_2ddc _cBK |
||
| 999 |
_c166704 _d166704 |
||